00560 a2200133 4500020002700000020003000027082001000057100002100067245005400088250003100142260003600173300002100209520019600230 a7115209545 (paperback) a9787115209542 (paperback) a519.21 aRoss, Sheldon M.12aA first course in probability /cSheldon M. Ross. a8th International Edition. a[S.l.] :bPrentice Hall,c2009. a530 p. ;c24 cm. a8th International Edition of "A First Course in Probability" by Sheldon M. Ross. There are Chinese characters on the cover, the first few pages, and the last page, but all text is in English.